|
|
|
|
| LEADER |
00000nab a2200000 4500 |
| 001 |
vtls012082903 |
| 003 |
SK-MaSNL |
| 005 |
20260304031326.0 |
| 008 |
220110 2022 xo 000 0 cze |
| 015 |
|
|
|a SNBRB2022/01
|2 LMAOSK
|
| 040 |
|
|
|a LMAOSK
|b slo
|c LMAOSK
|e rda
|
| 041 |
0 |
|
|a cze
|
| 044 |
|
|
|a xo
|c SK
|
| 072 |
|
7 |
|a 623
|x Vojenská technika
|2 konspekt
|
| 080 |
|
|
|a 623.74
|2 2011
|
| 080 |
|
|
|a 623.746.17
|2 2011
|
| 080 |
|
|
|a (046)
|2 2011
|
| 080 |
|
|
|a 623.441/.443
|2 2011
|
| 100 |
1 |
|
|a Fojtík, Jakub
|c JUDr.
|4 aut
|4 pht
|9 535800
|
| 245 |
1 |
0 |
|a Bombardováví z vrtulníků
|c Jakub Fojtík ; foto: sbírka autora, MVZ Mil, OAO Kamov, Royal Navy, US Navy
|
| 300 |
|
|
|b Fotografie
|
| 336 |
|
|
|a text
|b txt
|2 rdacontent
|
| 337 |
|
|
|a bez média
|b n
|2 rdamedia
|
| 338 |
|
|
|a zväzok
|b nc
|2 rdacarrier
|
| 650 |
0 |
7 |
|a vojenské letectvo
|2 SNKPH
|9 69447
|
| 650 |
0 |
7 |
|a vojenské vrtuľníky
|2 SNKPH
|9 74108
|
| 650 |
0 |
7 |
|a bojové vrtuľníky
|2 SNKPH
|9 83765
|
| 655 |
|
7 |
|a články
|2 SNKPH
|9 70601
|
| 773 |
0 |
|
|t ATM
|g Roč. 54, č. 1 (2022), s. 36-41
|x 1802-4823
|
| 852 |
|
|
|a LMAOSK
|b KIS3GCP
|
| 958 |
|
|
|a NB
|
| 999 |
|
|
|c 2637607
|d 2639537
|